Responses for Show #2006 - Monday, May 3, 1993

1993 College Championship quarterfinal game 1.

Contestants

[<< previous game]

Jeff Thompsen, a freshman from University of California at Berkeley

Nikki Laski, a junior from Iowa State University

Keena Baumgartner, a sophomore from University of Illinois Champaign-Urbana

[next game >>]

Jeopardy! Round responses

STATE CAPITALS
1980s ROCK
COLLEGE STUFF
THE CANTERBURY TALES
WEIGHTS & MEASURES
SPELLING
    $100 16
Atlanta

Nikki
    $100 2
George Michael

Nikki
    $100 11
dean

Jeff
    $100 1
Chaucer

Nikki
    $100 21
24

Jeff
    $100 25
A-B-O-M-I-N-A-B-L-E

Nikki
    $200 17
[ERRATUM: The park is in Commerce City, not [*]; a correction was issued in OOPS! $100 in show #2072, aired 1993-09-14.]

Denver

Keena
    $200 3
Phil Collins

Nikki
    $200 12
major

Jeff
    $200 7
(Keena: What is Canterbury?)

London

KeenaJeff
    $200 23
10

Jeff
    $200 26
C-R-O-U-T-O-N

Jeff
    $300 9
Raleigh

Nikki
    $300 4
Annie Lennox

Nikki
    $300 13
India

Jeff
    $300 18
sin

Jeff
    $300 22
furlong

Keena
    $300 28
P-I-N-S-C-H-E-R

Jeff
    $400 8
Lansing

Jeff
    $400 5
Duran Duran

Jeff
    $400 14
cum laude

Nikki
    $400 19
inn

Keena
    $400 24
drachma

Nikki
    $400 29
S-A-S-K-A-T-C-H-E-W-A-N

Jeff
    $500 6
Augusta

Keena
    $500 10
"Nikita"

Keena
    $500 15
College Entrance Examination Board

Triple Stumper
    $500 20
rooster or cock

Keena
    $1,000 27
Kelvin

Jeff
    $500 30
(Keena: What is N-A-U-T-I-L-I-U-S?)

N-A-U-T-I-L-U-S

Keena
Triple Stumper

Scores at the first commercial break (after clue 16):

Keena Nikki Jeff
$800 $1,500 $1,600

Scores at the end of the Jeopardy! Round:

Keena Nikki Jeff
$1,700 $2,000 $4,100

Double Jeopardy! Round responses

U.S. PRESIDENTS
CHEM LAB
MAGAZINES
PSYCH 101
FANTASY
ISLANDS
    $200 9
Lyndon Johnson

Nikki
    $200 4
platinum

Jeff
    $200 19
People

Nikki
    $200 24
2

Keena
    $200 1
leprechaun

Jeff
    $200 2
Oahu

Nikki
    $400 10
(Jeff: Who is Madison?)

Thomas Jefferson

KeenaJeff
    $400 5
red (pink)

Jeff
    $400 20
DC

Jeff
    $400 25
blood

Jeff
    $400 3
Conan

Jeff
    $400 8
Iceland

Nikki
    $600 11
Dwight Eisenhower

Keena
    $600 6
iron

Keena
    $600 22
(Keena: What is The Saturday Evening Post?)

Time

Keena
Triple Stumper
    $600 27
insomnia

Nikki
    $600 7
mermaids

Jeff
    $600 14
Ceylon

Jeff
    $800 12
Chief Justice (of the Supreme Court)

Jeff
    $800 13
vinyl chloride

Jeff
    $800 23
Sassy

Triple Stumper
    $800 28
manic-depression

Nikki
    $2,000 21
lion

Jeff
    $800 15
Madagascar

Jeff
    $1000 18
Franklin Pierce

Triple Stumper
    $1,000 16
ammonia

Jeff
    $1000 30
Elle

Keena
    $1000 29
Carl Jung

Keena
    $1000 26
(Alex: Yes, and we have about a minute left.)

unicorn

Keena
    $1000 17
(Jeff: What is Puerto Rico?)

Jamaica

Jeff
Triple Stumper

Scores at the end of the Double Jeopardy! Round:

Keena Nikki Jeff
$5,900 $4,400 $11,300

Final Jeopardy! Round responses

DISNEY FILMS
NikkiWhat is France?
$4,400
KeenaWhat is France?
$5,900
JeffWhat is France?
$501
France

Final scores:

Keena Nikki Jeff
$11,800 $8,800 $11,801
2nd place: $1,000 if eliminated 3rd place: $1,000 if eliminated Automatic semifinalist

Game dynamics:

Coryat scores:

Keena Nikki Jeff
$5,900 $4,400 $9,600
13 R,
3 W
15 R,
0 W
26 R
(including 3 DDs),
2 W

Combined Coryat: $19,900

[game clues] [game scores] [suggest correction]

Game tape date: 1993-02-22
The J! Archive is created by fans, for fans. Scraping, republication, monetization, and malicious use prohibited; this site may use cookies and collect identifying information. See terms. The Jeopardy! game show and all elements thereof, including but not limited to copyright and trademark thereto, are the property of Jeopardy Productions, Inc. and are protected under law. This website is not affiliated with, sponsored by, or operated by Jeopardy Productions, Inc. Join the discussion at JBoard.tv.